| 000 | 02083cam0 2200433 ib4500 | ||
|---|---|---|---|
| 001 | BY-MI0013-br4503977 | ||
| 005 | 20260416091246.0 | ||
| 010 |
^a978-5-353-07872-2 ^bв переплете |
||
| 035 | ^a(BY-MI0013)BY-MI0013-br4503977 | ||
| 100 | ^a20260415d2026 d y0rusy50 ca | ||
| 101 | 1 |
^arus ^ceng |
|
| 102 | ^aRU | ||
| 105 | ^aa z 000ay | ||
| 109 | ^ama | ||
| 181 | ^ai3 | ||
| 181 | ^ab1 | ||
| 182 | ^an | ||
| 200 | 1 |
^aАлиса в Зазеркалье ^eдля среднего школьного возраста ^fЛьюис Кэрролл ^gперевод с английского Н. Демуровой ^gстихи в переводах С. Маршака, Д. Орловской ^gхудожник М. Митрофанов |
|
| 203 |
^aТекст ^cнепосредственное |
||
| 210 |
^aМосква ^cРосмэн ^d2026 |
||
| 215 |
^a155, [5] с., [16] л. цв. ил. ^cил. ^d21 см |
||
| 225 | 1 |
^aСерия "Внеклассное чтение" ^eВЧ |
|
| 300 | ^aПроизведение печатается без сокращений | ||
| 333 | ^a0+ | ||
| 345 | ^94000 экз. | ||
| 608 |
^3BY-NLB-ar3140829 ^aСКАЗОЧНАЯ ПОВЕСТЬ ^2BYGNR |
||
| 608 |
^aДЕТСКАЯ И ЮНОШЕСКАЯ ЛИТЕРАТУРА (художеств. произведение) ^3BY-NLB-ar9019 ^2BYGNR |
||
| 686 |
^a84(4Вел) ^2rubbk |
||
| 690 |
^a1 ^2Base ^9BY-MI0013 ^xRSEK |
||
| 700 | 1 |
^3BY-NLB-ar103230 ^aКэрролл ^bЛ. ^gЛьюис ^cписатель ^f1832—1898 |
|
| 702 | 1 |
^3BY-SEK-436558 ^aДемурова ^bН. М. ^gНина Михайловна ^4730 |
|
| 702 | 1 |
^3BY-NLB-ar122307 ^aМаршак ^bС. Я. ^gСамуил Яковлевич ^f1887—1964 ^4730 |
|
| 702 | 1 |
^3BY-SEK-415442 ^aОрловская ^bД. Д. ^gДиана Дмитриевна ^4730 |
|
| 702 | 1 |
^3BY-SEK-ar13370638 ^aМитрофанов ^bМ. С. ^gМаксим Сергеевич ^cхудожник ^4440 |
|
| 801 | 0 |
^aBY ^bBY-MI0013 ^c20260415 ^gRCR |
|
| 899 | 0 |
^aBY-MI0013 ^iК98 ^h84(4Вел) |
|